Single Line London Underground Stations - Sudden Death - Statistics

General Stats
  • This quiz has been taken 50 times
  • The average score is 4 of 15
Answers on the Grid
Answers color-coded by a green-red scale on the quiz's grid according to % correct below.
Canary Wharf
Elephant & Castle
Camden Town
Stratford International
Old Street
Walthamstow Central
Covent Garden
Marble Arch
Regent's Park
Pimlico
Russell Square
Angel
Kentish Town
Marylebone
Seven Sisters
King's Cross St. Pancras
Farringdon
Oxford Circus
Victoria
Warren Street
Great Portland Street
Green Park
Sloane Square
Bayswater
Willesden Junction
Barons Court
Mornington Crescent
Earl's Court
London Bridge
High Street Kensington
 
Answer Stats
Answer % Correct
Pimlico
50%
Angel
38%
Camden Town
33%
Covent Garden
33%
Marylebone
29%
Old Street
29%
Marble Arch
25%
Russell Square
25%
Seven Sisters
25%
Canary Wharf
21%
Elephant & Castle
21%
Kentish Town
21%
Walthamstow Central
17%
Regent's Park
13%
Stratford International
8%
No matching quizzes found
Score Distribution
Percent of People with Each Score
Percentile by Number Answered
Your Score History
You have not taken this quiz